| 000 | 00000nam##2200000za#4500 |
| 001 | 9.648420 |
| 003 | CaOODSP |
| 005 | 20210927150317 |
| 007 | ta |
| 008 | 150407|2002||||xxc||||| f|0| 0 eng|d |
| 020 | |a0-662-31413-1 |
| 040 | |aCaOODSP|beng |
| 043 | |an-cn--- |
| 086 | 1 |aR2-188/2001E |
| 110 | 1 |aCanada. |bIndian and Northern Affairs Canada. |
| 245 | 13|aAn update on nutrition surveys in isolated northern communities / |cprepared by Judith Lawn. |
| 260 | |aOttawa - Ontario : |bIndian and Northern Affairs |c2002. |
| 300 | |aiv, 54p. : |breferences ; |c21 cm. |
| 563 | |aSpiral binding |
| 590 | |a02-16|b2002-04-19 |
| 690 | 07|aNutrition|2gcpds |
| 690 | 07|aSurveys|2gcpds |
| 690 | 07|aNorthern Canada|2gcpds |
| 690 | 07|aIsolated communities|2gcpds |
| 720 | 1 |aLawn, Judith |
| 775 | 08|tLe point sur les enquêtes nutritionnelles menées auprès des collectivités isolées du Nord canadien / |w(CaOODSP)9.681706 |
| 776 | 0#|tAn update on nutrition surveys in isolated northern communities / |w(CaOODSP)9.698064 |